书目信息 |
| 题名: |
稀土元素分析化学
|
|
| 作者: | 张华山 , 江祖成 , 蔡汝秀 著 | |
| 分册: | ||
| 出版信息: | 北京 科学出版社 2000 |
|
| 页数: | 495 | |
| 开本: | 20cm | |
| 丛书名: | ||
| 单 册: | ||
| 中图分类: | O614.33 | |
| 科图分类: | ||
| 主题词: | 无机化学 | |
| 电子资源: | ||
| ISBN: | 7-03-007676-1 | |
| 000 | 00666nam0 2200217 450 | |
| 001 | 0754114953 | |
| 005 | 20070929150154.95 | |
| 010 | @a7-03-007676-1@b精装 | |
| 100 | @a20070929d km y0chiy0120 ea | |
| 101 | 0 | @achi |
| 200 | 1 | @a稀土元素分析化学@Axi tu yuan su fen xi hua xue@f江祖成,蔡汝秀,张华山 著@Fjiang zu cheng,cai ru xiu,zhang hua shan zhu |
| 205 | @a2版 | |
| 210 | @a北京@c科学出版社@d2000 | |
| 215 | @a495@c插图@d20cm | |
| 606 | 0 | @a无机化学 |
| 690 | @aO614.33@v3 | |
| 701 | 0 | @a张华山@Azhang hua shan@4著 |
| 701 | 0 | @a江祖成@Ajiang zu cheng@4著 |
| 701 | 0 | @a蔡汝秀@Acai ru xiu@4著 |
| 801 | 0 | @aCN@bPFT@c20070929 |
| 905 | @a213230@dO614.33@eh26=2@f1 | |
| 稀土元素分析化学/江祖成,蔡汝秀,张华山 著.-2版.-北京:科学出版社,2000 |
| 495:插图;20cm |
| ISBN 7-03-007676-1(精装): |
| ● |
| 相关链接 |
|
|
|
|
正题名:稀土元素分析化学
索取号:O614.33/h26=2
 
预约/预借
| 序号 | 登录号 | 条形码 | 馆藏地/架位号 | 状态 | 备注 |
| 1 | 6000301 | 260003016 | 化学系资料室/ [索取号:O614.33/h26=2] | 在馆 |